000 00467nam a2200145Ia 4500
008 100204s9999 xx 000 0 und d
082 _b7989
100 _aनाईक गुरुनाथ
245 _aगुलाम राजा
260 _b"बांदोडकर पब्लिशिंग हाऊस, गोवा"
_c1985
300 _a205
630 _aगुलाम राजा
730 _aगुलाम राजा
942 _cBOOK
999 _c452425
_d452422